KOHA-Header-6

انتخاب سجاد حیدر یلدرم (Record no. 13577)

000 -LEADER
fixed length control field 00365nam a22001217a 4500
082 ## - DEWEY DECIMAL CLASSIFICATION NUMBER
Classification number 891.4393
100 ## - MAIN ENTRY--AUTHOR NAME
Personal name مرتبہ و مقدمہ قرات العین حیدر
245 ## - TITLE STATEMENT
Title انتخاب سجاد حیدر یلدرم
260 ## - PUBLICATION, DISTRIBUTION, ETC. (IMPRINT)
Place of publication لاہور
Name of publisher سنگ میل پبلیکیشنز
Year of publication ١٩٩٠
300 ## - PHYSICAL DESCRIPTION
Number of Pages ٦٢١ صفحات
650 ## - SUBJECT ADDED ENTRY--TOPICAL TERM
Topical Term Urdu Afsana
942 ## - ADDED ENTRY ELEMENTS (KOHA)
Koha item type Books
Holdings
Withdrawn status Lost status Collection code Permanent Location Current Location Shelving location Date acquired Full call number Accession Number Koha item type
    Urdu Literature MAJU MAJU Shelf No.A11 2022-12-16 891.4393 10683 Books

Powered by Koha